<?xml version="1.0" encoding="UTF-8"?>
<record
    xmlns:xsi="http://www.w3.org/2001/XMLSchema-instance"
    xsi:schemaLocation="http://www.loc.gov/MARC21/slim http://www.loc.gov/standards/marcxml/schema/MARC21slim.xsd"
    xmlns="http://www.loc.gov/MARC21/slim">

  <leader>00684nam a22001937a 4500</leader>
  <datafield tag="999" ind1=" " ind2=" ">
    <subfield code="c">172009</subfield>
    <subfield code="d">172009</subfield>
  </datafield>
  <controlfield tag="005">20200124150338.0</controlfield>
  <datafield tag="010" ind1=" " ind2=" ">
    <subfield code="a">A-678249</subfield>
  </datafield>
  <datafield tag="020" ind1=" " ind2=" ">
    <subfield code="c">13.00</subfield>
  </datafield>
  <datafield tag="035" ind1=" " ind2=" ">
    <subfield code="a">A-678249</subfield>
  </datafield>
  <datafield tag="037" ind1=" " ind2=" ">
    <subfield code="b">BPPD/Pub.</subfield>
  </datafield>
  <datafield tag="082" ind1=" " ind2=" ">
    <subfield code="a">745.6</subfield>
  </datafield>
  <datafield tag="100" ind1=" " ind2=" ">
    <subfield code="a">&#x627;&#x645;&#x6CC;&#x631; &#x62D;&#x633;&#x646; &#x646;&#x648;&#x631;&#x627;&#x646;&#x6CC;</subfield>
  </datafield>
  <datafield tag="245" ind1=" " ind2=" ">
    <subfield code="a">&#x645;&#x648;&#x646;&#x634;&#x6CC; &#x646;&#x648;&#x644; &#x6A9;&#x634;&#x648;&#x631; &#x627;&#x648;&#x631; &#x627;&#x646; &#x6A9;&#x6D2; &#x62E;&#x637;&#x627;&#x637; &#x648; &#x62E;&#x648;&#x634; &#x646;&#x648;&#x6CC;&#x633; /</subfield>
    <subfield code="c">&#x627;&#x645;&#x6CC;&#x631; &#x62D;&#x633;&#x646; &#x646;&#x648;&#x631;&#x627;&#x646;&#x6CC;</subfield>
  </datafield>
  <datafield tag="246" ind1=" " ind2=" ">
    <subfield code="a">Munshi Naval Kishore Aur Unkey Khattat Va Khush Naves (Urdu) /</subfield>
    <subfield code="b">by Amir Hasan Norani</subfield>
  </datafield>
  <datafield tag="260" ind1=" " ind2=" ">
    <subfield code="a">New Delhi</subfield>
    <subfield code="b">Taraqqi Urdu Bureau </subfield>
    <subfield code="c">1994 &#x621;</subfield>
  </datafield>
  <datafield tag="270" ind1=" " ind2=" ">
    <subfield code="a">West Block 8, R. K. Puram</subfield>
    <subfield code="b">New Delhi</subfield>
    <subfield code="e">110066</subfield>
  </datafield>
  <datafield tag="300" ind1=" " ind2=" ">
    <subfield code="a">111p.</subfield>
    <subfield code="c">22cm(Hb)</subfield>
  </datafield>
  <datafield tag="942" ind1=" " ind2=" ">
    <subfield code="2">ddc</subfield>
    <subfield code="c">UR</subfield>
    <subfield code="h">745.6</subfield>
    <subfield code="m">&#x627; &#x645; &#x6CC;</subfield>
  </datafield>
  <datafield tag="952" ind1=" " ind2=" ">
    <subfield code="0">0</subfield>
    <subfield code="1">0</subfield>
    <subfield code="4">0</subfield>
    <subfield code="7">0</subfield>
    <subfield code="8">NFIC</subfield>
    <subfield code="a">L</subfield>
    <subfield code="b">L</subfield>
    <subfield code="d">2020-01-24</subfield>
    <subfield code="e">BPPD/Ven.</subfield>
    <subfield code="g">13.00</subfield>
    <subfield code="l">0</subfield>
    <subfield code="o">745.6 &#x627; &#x645; &#x6CC;</subfield>
    <subfield code="p">A-678249</subfield>
    <subfield code="r">2020-01-24 00:00:00</subfield>
    <subfield code="t">1</subfield>
    <subfield code="v">13.00</subfield>
    <subfield code="w">2020-01-24</subfield>
    <subfield code="y">UR</subfield>
  </datafield>
</record>
